000 00621nam a2200157Ia 4500
008 100204s9999 xx 000 0 und d
082 _b29190
100 _aगवाणकर वीणा
245 _aरोझलिंड फ्रँकलिन-द डार्क लेडी ऑफ डीएनए
250 _a0
260 _c2009
300 _a144
630 _aरोझलिंड फ्रँकलिन-द डार्क लेडी ऑफ डीएनए
730 _aरोझलिंड फ्रँकलिन-द डार्क लेडी ऑफ डीएनए
942 _cBOOK
999 _c474435
_d474432